000 00418ntaaa2200169 4500
003 01
005 20251027201944.0
008 0714s1973 ag 01
040 _aAR-BaBN
_bspa
_cAR-BaBN
_eaacr
_dRIC
082 _a248.0000 H77
100 _aHopkins, H. A. Evan
_918142
245 _aManual del Combatiente Cristiano
250 _a1 ed. :
_bCerteza,
_c1961
300 _a107 p.
650 _aVida Cristiana
942 _cBK
999 _c14298
_d14298